<?xml version="1.0" encoding="UTF-8"?>
<record
    xmlns:xsi="http://www.w3.org/2001/XMLSchema-instance"
    xsi:schemaLocation="http://www.loc.gov/MARC21/slim http://www.loc.gov/standards/marcxml/schema/MARC21slim.xsd"
    xmlns="http://www.loc.gov/MARC21/slim">

  <leader>01629nam a2200205 a 4500</leader>
  <controlfield tag="008">180524e2002    ag ||||| |||| 00| f spa d</controlfield>
  <datafield tag="020" ind1=" " ind2=" ">
    <subfield code="a">9500423723</subfield>
  </datafield>
  <datafield tag="041" ind1=" " ind2=" ">
    <subfield code="a">spa</subfield>
  </datafield>
  <datafield tag="092" ind1=" " ind2=" ">
    <subfield code="c">808</subfield>
    <subfield code="l">51</subfield>
    <subfield code="s">MAC</subfield>
  </datafield>
  <datafield tag="100" ind1="1" ind2=" ">
    <subfield code="a">MacDougal, Bonnie</subfield>
    <subfield code="9">3951</subfield>
  </datafield>
  <datafield tag="245" ind1=" " ind2=" ">
    <subfield code="a">&#xC1;ngulo de impacto /</subfield>
    <subfield code="c">Bonnie MacDougal</subfield>
  </datafield>
  <datafield tag="250" ind1=" " ind2=" ">
    <subfield code="a">1a ed.</subfield>
    <subfield code="b">Traducci&#xF3;n Jorge Salvetti</subfield>
  </datafield>
  <datafield tag="260" ind1=" " ind2=" ">
    <subfield code="a">Buenos Aires:</subfield>
    <subfield code="b">Emec&#xE9;;</subfield>
    <subfield code="c">2002.</subfield>
  </datafield>
  <datafield tag="300" ind1=" " ind2=" ">
    <subfield code="a">329 p.</subfield>
  </datafield>
  <datafield tag="500" ind1=" " ind2=" ">
    <subfield code="a">MacDougal, B. (2002). &#xC1;ngulo de impacto. (1a ed.). Buenos Aires : Emec&#xE9;.</subfield>
  </datafield>
  <datafield tag="505" ind1=" " ind2=" ">
    <subfield code="a">Dana Svenssen es una joven y brillante abogada que trabaja para el estudio m&#xE1;s prestigioso de Filadelfia. Una ma&#xF1;ana, camino a una reuni&#xF3;n de trabajo con un cliente, su vida estalla literalmente en un segundo. El helic&#xF3;ptero que transporta a su cliente choca en el aire con un avi&#xF3;n privado, exactamente sobre el parque de diversiones donde las dos hijas de Dana est&#xE1;n pasando el d&#xED;a con sus compa&#xF1;eros de colegio. Dana corre desesperadamente hacia el lugar del accidente para rescatar a sus hijas, atrapadas en un carro de la monta&#xF1;a rusa. Es entonces cuando descubre que el tr&#xE1;gico accidente no es un accidente... Aunque Dana est&#xE1; decidida a demostrar la causa del choque, es una tarea casi imposible. De pronto, el secuestro de su marido, del que se est&#xE1; separando, la lanza al centro de una conspiraci&#xF3;n multimillonaria y decididamente mortal. Considerada como la John Grisham femenina, Bonnie MacDougal ha escrito un thriller legar impactante, basado en un hecho real. Una novela que no da respiro. </subfield>
  </datafield>
  <datafield tag="590" ind1=" " ind2=" ">
    <subfield code="a">DONACION Victoria Lara mayo 2018</subfield>
  </datafield>
  <datafield tag="655" ind1=" " ind2=" ">
    <subfield code="a">Literatura</subfield>
    <subfield code="9">2917</subfield>
  </datafield>
  <datafield tag="942" ind1=" " ind2=" ">
    <subfield code="2">ddc</subfield>
    <subfield code="c">LIT</subfield>
  </datafield>
  <datafield tag="999" ind1=" " ind2=" ">
    <subfield code="c">2767</subfield>
    <subfield code="d">2767</subfield>
  </datafield>
  <datafield tag="952" ind1=" " ind2=" ">
    <subfield code="0">0</subfield>
    <subfield code="1">0</subfield>
    <subfield code="2">ddc</subfield>
    <subfield code="4">0</subfield>
    <subfield code="7">0</subfield>
    <subfield code="a">BFM</subfield>
    <subfield code="b">BFM</subfield>
    <subfield code="c">CR</subfield>
    <subfield code="d">2018-05-24</subfield>
    <subfield code="e">Donacion</subfield>
    <subfield code="l">0</subfield>
    <subfield code="o">808 51 MAC</subfield>
    <subfield code="p">4301</subfield>
    <subfield code="r">2018-05-24</subfield>
    <subfield code="t">Ej. 1</subfield>
    <subfield code="w">2018-05-24</subfield>
    <subfield code="y">LIT</subfield>
    <subfield code="z">DONACION Victoria Lara mayo 2018</subfield>
  </datafield>
</record>
